000 00421nam a2200097Ia 4500
008 180130s9999 xx 000 0 und d
245 _cCiptasari, Rimba Whidiana; Rhee, Kyung-Hyune; Sakurai, Kouichi
_aAn enhanced audio ownership protection scheme based on visual cryptography
260 _c2016
300 _aBook title: Handbook of information security--Acession number C20533; pages 30-41
650 _aINFORMATION SECURITY
999 _c354089
_d354089